Deberes y derechos del pueblo español (Record no. 158045)

MARC details
000 -LEADER
campo de control de longitud fija 00802nam a22002175i 4500
001 - NÚMERO DE CONTROL
campo de control 158045
003 - IDENTIFICADOR DE NÚMERO DE CONTROL
campo de control ES-MaACL
005 - FECHA Y HORA DE LA ÚLTIMA TRANSACCIÓN
campo de control 20251005063124.0
008 - DATOS DE LONGITUD FIJA--INFORMACIÓN GENERAL
campo de control de longitud fija 040902s1890 sp |||| | spa d
040 ## - FUENTE DE CATALOGACIÓN
Centro catalogador/agencia de origen CAM
Lengua de catalogación spa
Centro/agencia transcriptor CAM
100 1# - ENTRADA PRINCIPAL--NOMBRE DE PERSONA
Nombre de persona Lapuya, Isidoro L.,
Fechas asociadas al nombre 1865-1932
9 (RLIN) 70190
245 10 - MENCIÓN DEL TÍTULO
Título Deberes y derechos del pueblo español
Resto del título : enseñanzas populares /
Mención de responsabilidad, etc. por I. Lopez Lapuya.
250 ## - MENCION DE EDICION
Mención de edición Edición popular.
260 ## - PUBLICACIÓN, DISTRIBUCIÓN, ETC.
Lugar de publicación, distribución, etc. Madrid :
Nombre del editor, distribuidor, etc. [s.n.],
Fecha de publicación, distribución, etc. 1890 (
Fabricante Imprenta de Ubaldo Montegrifo)
300 ## - DESCRIPCIÓN FÍSICA
Extensión 31 p. ;
Dimensiones 18 cm.
490 1# - MENCIÓN DE SERIE
Mención de serie Biblioteca Radical
650 #4 - PUNTO DE ACCESO ADICIONAL DE MATERIA--TÉRMINO DE MATERIA
Término de materia o nombre geográfico como elemento de entrada Derechos políticos y civiles-
Subdivisión geográfica España.
9 (RLIN) 11781
830 0# - PUNTO DE ACCESO ADICIONAL DE SERIE-TÍTULO UNIFORME
Título uniforme Biblioteca Radical
9 (RLIN) 188143
852 ## - LOCALIZACIÓN
Ubicación ES-MaACL
Número de control de estantería T-588-F-5
Nota libre -- Enc. hol. conservando cub. original
-- -- Enc. en un vol. facticio
Holdings
Estatus retirado Estado de pérdida Estado de daño No para préstamo Colección Biblioteca de origen Biblioteca actual Ubicación en estantería Fecha de adquisición Total de préstamos Signatura topográfica completa Código de barras Visto por última vez Precio de reemplazo Tipo de ítem Koha
        Colección de folletos Biblioteca del Ateneo de Madrid Biblioteca del Ateneo de Madrid Depósito folletos 17/01/2008   T-588-F-5 1165409 23/02/2023 23/02/2023 Folleto